000 00630nam a2200169 i 4500
001 173695
003 ES-MaACL
005 20230906215322.0
008 100111q1876 xxu |||| | eng d
100 1 _aWines, Enoch Cobb (
_d1806-1879)
_9117073
245 1 0 _aInternational prison reform /
_cE.C. Wines.
260 _a[S.l. :
_bs.n.,
_c1876?]
300 _aP. [367]-391 ;
_c22 cm.
500 _aSeparata de: International review, may-june, 1876.
650 _aDerecho penitenciario-
_zEuropa.
_9150595
852 _aES-MaACL
_jD-165(5)
_z- Encuadernado en vol. facticio, en el lomo: Estudios penitenciarios, 5
_z.- Donativo Lastres
999 _c173695
_d173695